| 000 | 01523nam a2200229Ia 4500 | ||
|---|---|---|---|
| 003 | Ost | ||
| 005 | 20260507075046.0 | ||
| 008 | 260507s9999||||xx |||||||||||||| ||und|| | ||
| 040 | _cfsecg | ||
| 041 | _aara | ||
| 082 | _a330 | ||
| 100 |
_aالمصري، عباس مصطفى _eمؤلف |
||
| 245 | 0 |
_aتنظيم الشركات التجارية : _bشركات الأشخاص وشركات الأموال / _c عباس مصطفى المصري |
|
| 260 |
_aالإسكندرية: _bدار الجامعة الجديدة للنشر, _c2002 |
||
| 300 |
_a342 صفحة؛ _bإيضاحات ؛ _c24 سم |
||
| 490 | _aالمكتبة القانونية | ||
| 520 | _aالمبادئ العامة التي تحكم الشركات-الشركة من حيث الطبيعة والنوع والشكل-الضوابط القانونية لإنشاء الشركة-الشركة وفكرة الشخص المعنوي-الضوابط العامة لإنقضاء الشركة-شركات الأشخاص-شركات التضامن-شركة التوصية البسيطة-شركة المحاصة-الشركات ذات الطابع المختلط-الشركة ذات المسئولية المحدودة-شركة التوصية بالأسهم-شركات الأموال-شركات المساهمة-هيئات الإدارة في شركات المساهمة-انقضاء الشركة وقواعد تصفيتها | ||
| 653 | _aالشركات | ||
| 653 | _aالشركات المساهمة | ||
| 653 | _aالشركات- التجارة | ||
| 942 | _cكتاب | ||
| 999 |
_c42580 _d42580 |
||